[Event "XVII Festival A"]
[Site "Robecchetto con Induno ITA"]
[Date "2006.12.27"]
[Round "1"]
[White "Brioschi, Camillo"]
[Black "Ranieri, Fabrizio"]
[Result "0-1"]
[WhiteElo "1862"]
[BlackElo "2229"]
[PlyCount "62"]
[EventDate "2006.12.27"]

1. d4 e6 2. c4 d5 3. Nc3 Nf6 4. Bg5 Be7 5. e3 Nbd7 6. Nf3 c6 7. Rc1 O-O 8. Bd3
a6 9. cxd5 exd5 10. O-O Re8 11. a3 Nf8 12. Ne5 Ng6 13. Nxg6 hxg6 14. Bxf6 gxf6
15. Na4 Bd6 16. Nc5 Bc7 17. Qf3 Kg7 18. Rfe1 Qd6 19. Qg3 Qe7 20. f4 b6 21. Nb3
Bb7 22. e4 dxe4 23. Rxe4 Qd6 24. Rce1 Rxe4 25. Rxe4 Rd8 26. Qe3 c5 27. Re7 Kf8
28. Rxc7 Qxc7 29. dxc5 Qc6 30. Bf1 Rd1 31. cxb6 Qxg2# 0-1

[Event "XVII Festival A"]
[Site "Robecchetto con Induno ITA"]
[Date "2006.12.27"]
[Round "1"]
[White "Caldi, Mario"]
[Black "Brighenti, Alessandro"]
[Result "1-0"]
[WhiteElo "1999"]
[BlackElo "1588"]
[PlyCount "25"]
[EventDate "2006.12.27"]

1. e4 e5 2. Nf3 Nc6 3. Bb5 f5 4. O-O fxe4 5. Bxc6 exf3 6. Bxf3 d5 7. Re1 Bd6 8.
Bxd5 c6 9. Bxg8 Rxg8 10. Qh5+ g6 11. Qxh7 Kf8 12. d4 Qf6 13. Bh6+ 1-0

[Event "XVII Festival A"]
[Site "Robecchetto con Induno ITA"]
[Date "2006.12.27"]
[Round "1"]
[White "Cardani, Roberto"]
[Black "Sbarra, Marco"]
[Result "0-1"]
[WhiteElo "1903"]
[BlackElo "2280"]
[PlyCount "135"]
[EventDate "2006.12.27"]

1. e4 e5 2. Nf3 Nc6 3. Bb5 a6 4. Ba4 Nf6 5. O-O Be7 6. Re1 b5 7. Bb3 d6 8. c3
O-O 9. h3 Na5 10. Bc2 c5 11. d4 Nd7 12. Nbd2 exd4 13. cxd4 Nc6 14. Nf1 Bf6 15.
Be3 Re8 16. Rc1 Bb7 17. Ng3 g6 18. Bb1 Rc8 19. Qd2 Qa5 20. Qxa5 Nxa5 21. b3 c4
22. Bd2 Bd8 23. Bb4 Bc7 24. bxc4 Nxc4 25. Nd2 d5 26. exd5 Bf4 27. Rxe8+ Rxe8
28. Nxc4 Bxc1 29. Nd6 Rb8 30. Nxb7 Rxb7 31. Ne4 a5 32. Bxa5 Ba3 33. d6 f5 34.
Nc5 Nxc5 35. dxc5 Bxc5 36. Bc7 Bb6 37. Bd3 Bxc7 38. dxc7 Rxc7 39. Bxb5 Kg7 40.
f4 Rc2 41. a4 Ra2 42. Kh2 Kf6 43. h4 Ke7 44. Kg3 Kd6 45. Kf3 Kd5 46. g3 Kd4 47.
Bc6 Rc2 48. Bd7 Rc3+ 49. Kf2 Ke4 50. Kg2 Ke3 51. h5 Rc7 52. Be6 Re7 53. Bc8 Ra7
54. hxg6 hxg6 55. Be6 Rxa4 56. Bf7 Ra6 57. Be8 Re6 58. Bf7 Rd6 59. Be8 Rb6 60.
Bf7 Ke4 61. Kh3 Kf3 62. Bd5+ Kf2 63. Kh4 Rf6 64. g4 fxg4 65. Kxg4 Ke3 66. Ba2
Rxf4+ 67. Kg5 Rf2 68. Bd5 0-1

[Event "XVII Festival A"]
[Site "Robecchetto con Induno ITA"]
[Date "2006.12.27"]
[Round "1"]
[White "Corti, Corrado"]
[Black "Schingaro, Angelo"]
[Result "1/2-1/2"]
[WhiteElo "2048"]
[BlackElo "1704"]
[PlyCount "50"]
[EventDate "2006.12.27"]

1. d4 Nf6 2. g3 g6 3. Bg2 Bg7 4. e4 d6 5. Ne2 Nbd7 6. c3 O-O 7. O-O e5 8. d5 a5
9. c4 Nc5 10. Nbc3 a4 11. f3 Nfd7 12. Rb1 Nb6 13. b3 axb3 14. axb3 Na6 15. Be3
Nb4 16. Nb5 Ra2 17. Nc1 Ra8 18. c5 Bd7 19. Qe2 N6xd5 20. exd5 Nxd5 21. Bd2 dxc5
22. Nc3 Bc6 23. Rd1 Qe7 24. Nxd5 Bxd5 25. Be3 Bc6 1/2-1/2

[Event "XVII Festival A"]
[Site "Robecchetto con Induno ITA"]
[Date "2006.12.27"]
[Round "1"]
[White "Damia, Angelo"]
[Black "Revinelli, Sergio"]
[Result "1-0"]
[WhiteElo "2099"]
[BlackElo "1847"]
[PlyCount "53"]
[EventDate "2006.12.27"]

1. e4 e5 2. Nf3 Nc6 3. d4 exd4 4. Nxd4 Bc5 5. Nf5 g6 6. Ne3 Qe7 7. Nc3 Nf6 8.
Bd3 O-O 9. Ncd5 Nxd5 10. Nxd5 Qd8 11. Bf4 d6 12. Qd2 f6 13. Bh6 Re8 14. Qf4 Bd4
15. c3 Be5 16. Qd2 f5 17. Bg5 Qd7 18. Bc4 Kg7 19. f4 a6 20. Bh6+ Kxh6 21. fxe5+
Kg7 22. Nf6 Qe7 23. Nxe8+ Qxe8 24. exd6 cxd6 25. O-O-O Qxe4 26. Bd5 Qa4 27. Bb3
1-0

[Event "XVII Festival A"]
[Site "Robecchetto con Induno ITA"]
[Date "2006.12.27"]
[Round "1"]
[White "Di Chiara, Mauro"]
[Black "Agrifoglio, Fabio"]
[Result "1-0"]
[WhiteElo "1668"]
[BlackElo "2024"]
[PlyCount "79"]
[EventDate "2006.12.27"]

1. d4 Nf6 2. Nf3 d5 3. c4 e6 4. Nc3 Be7 5. g3 O-O 6. Bg2 c5 7. dxc5 Bxc5 8.
cxd5 exd5 9. O-O h6 10. e3 Nc6 11. a3 a6 12. b4 Bb6 13. Ne2 Bf5 14. Bb2 Ne4 15.
Nfd4 Bh7 16. Nxc6 bxc6 17. Rc1 Qe8 18. Nd4 c5 19. bxc5 Nxc5 20. Bxd5 Nd3 21.
Rc2 Rd8 22. Bg2 Nc5 23. Qg4 Bxc2 24. Nxc2 f6 25. Nb4 h5 26. Qf5 g6 27. Qc2 a5
28. Nd5 Rd6 29. Nxb6 Rxb6 30. Bd4 Nd7 31. Bxb6 Nxb6 32. Qb3+ Kg7 33. Qxb6 Qe5
34. Rc1 Rf7 35. Qd4 Qe7 36. a4 Qa3 37. Qc4 Rd7 38. Rb1 Qd6 39. h4 Rc7 40. Qxc7+
1-0

[Event "XVII Festival A"]
[Site "Robecchetto con Induno ITA"]
[Date "2006.12.27"]
[Round "1"]
[White "Dragojlovic, Andjelko"]
[Black "Angelini, Marco"]
[Result "1-0"]
[WhiteElo "2383"]
[BlackElo "1907"]
[PlyCount "79"]
[EventDate "2006.12.27"]

1. e4 c5 2. Nf3 d6 3. c3 Nf6 4. Be2 Nc6 5. d4 cxd4 6. cxd4 Nxe4 7. d5 Qa5+ 8.
Nc3 Nxc3 9. bxc3 Ne5 10. O-O g6 11. Nxe5 dxe5 12. Qb3 a6 13. Be3 Qc7 14. Bb6
Qd6 15. c4 Bg7 16. c5 Qf6 17. Rac1 Bh6 18. Rc3 O-O 19. a4 e4 20. a5 Bf4 21. Rc4
Bf5 22. Rd1 h5 23. Qb4 Rac8 24. Rxe4 Bxe4 25. Qxe4 Bc7 26. d6 exd6 27. Qxb7
Bxb6 28. cxb6 Rc2 29. Qxa6 Qb2 30. Bf3 Re8 31. b7 Rc1 32. Rxc1 Qxc1+ 33. Qf1
Qa3 34. a6 Qc5 35. g3 Qd4 36. h4 d5 37. Qb5 Rb8 38. Kg2 Kg7 39. Bxd5 Kg8 40.
Qd7 1-0

[Event "XVII Festival A"]
[Site "Robecchetto con Induno ITA"]
[Date "2006.12.27"]
[Round "1"]
[White "La Torre, Giovanni"]
[Black "Cantu', Guido"]
[Result "1-0"]
[WhiteElo "2082"]
[BlackElo "1819"]
[PlyCount "95"]
[EventDate "2006.12.27"]

1. e4 c5 2. Nf3 d6 3. d4 cxd4 4. Qxd4 Nc6 5. Bb5 Bd7 6. Bxc6 Bxc6 7. Bg5 Qb6 8.
Nbd2 Qxd4 9. Nxd4 g6 10. O-O Bg7 11. c3 Nf6 12. Rfe1 O-O 13. Rad1 h6 14. Bh4 e6
15. f3 d5 16. e5 Nd7 17. f4 Rfe8 18. N2f3 Bf8 19. Bf2 Nc5 20. Be3 Ne4 21. Nd2
Nxd2 22. Rxd2 Rec8 23. g4 Bd7 24. Rg2 Be7 25. f5 g5 26. f6 Bc5 27. Nf3 Bxe3+
28. Rxe3 Rc4 29. Nd4 Kh7 30. b3 Rcc8 31. h4 Kg6 32. Rh3 Rh8 33. hxg5 hxg5 34.
Rgh2 Rxh3 35. Rxh3 Rc8 36. Kf2 b5 37. Ke1 b4 38. Kd2 bxc3+ 39. Rxc3 Rh8 40. Rc7
Rh2+ 41. Kc3 Rxa2 42. Rxd7 Rg2 43. Rd8 Rg3+ 44. Kb4 Rxg4 45. Rg8+ Kh5 46. Kc5
Rg1 47. Nxe6 g4 48. Nf4+ 1-0

[Event "XVII Festival A"]
[Site "Robecchetto con Induno ITA"]
[Date "2006.12.27"]
[Round "1"]
[White "Marinone, Lucio"]
[Black "Laketic, Gojko"]
[Result "0-1"]
[WhiteElo "1980"]
[BlackElo "2441"]
[PlyCount "102"]
[EventDate "2006.12.27"]

1. d4 Nf6 2. c4 e6 3. Nc3 Bb4 4. e3 c5 5. Nf3 Nc6 6. Bd3 Bxc3+ 7. bxc3 d6 8.
O-O e5 9. Qc2 O-O 10. d5 Ne7 11. Nh4 Re8 12. e4 Ng6 13. Nxg6 hxg6 14. Bg5 Qc7
15. Bxf6 gxf6 16. f4 Kg7 17. Qf2 Qe7 18. f5 Rh8 19. g4 g5 20. Qg2 Qc7 21. Rf3
Qa5 22. Bf1 Qa4 23. Qb2 b6 24. Qb3 Bd7 25. Bd3 Rhb8 26. Rff1 Rh8 27. Kg2 Kf8
28. Rf2 Ke7 29. Rf3 Rh4 30. h3 Rb8 31. Rff1 Kd8 32. Kg3 Kc7 33. Kg2 Rhh8 34.
Kh2 b5 35. Qxa4 bxa4 36. Rab1 a3 37. Rb3 Rxb3 38. axb3 Rb8 39. Bc2 Ba4 40. Rb1
a2 41. Ra1 Bxb3 42. Bxb3 Rxb3 43. Rxa2 Kb6 44. Rc2 Rb1 45. Kg2 a5 46. Kf2 a4
47. Ke2 Ka5 48. Ra2 Rh1 49. Ra3 Rxh3 50. Kf2 Rh1 51. Ke2 Rg1 0-1

[Event "XVII Festival A"]
[Site "Robecchetto con Induno ITA"]
[Date "2006.12.27"]
[Round "1"]
[White "Mazzon, Roberto"]
[Black "Brugo, Marco"]
[Result "0-1"]
[WhiteElo "1843"]
[BlackElo "2091"]
[PlyCount "92"]
[EventDate "2006.12.27"]

1. e4 e6 2. d3 d5 3. Nd2 Nf6 4. Ngf3 Bc5 5. g3 dxe4 6. Ng5 e3 7. Nde4 Nxe4 8.
Nxe4 exf2+ 9. Nxf2 Bxf2+ 10. Kxf2 Qf6+ 11. Qf3 Qxf3+ 12. Kxf3 Bd7 13. Rg1 Nc6
14. Be3 Ne5+ 15. Ke2 Bc6 16. Bg2 Bxg2 17. Rxg2 O-O 18. g4 b6 19. h4 c5 20. b3
Nc6 21. Kd2 Rad8 22. Re1 Nd4 23. Kc1 Rfe8 24. g5 Rd5 25. h5 Re5 26. Bd2 Rxe1+
27. Bxe1 Rd8 28. a4 Rd5 29. Bd2 Rf5 30. h6 g6 31. Bc3 Kf8 32. Bxd4 cxd4 33. Kd2
Ke7 34. b4 Kd6 35. c4 dxc3+ 36. Kxc3 Rf4 37. Rg1 Kd5 38. Rg2 Kd6 39. Rg1 a6 40.
Kb3 a5 41. bxa5 bxa5 42. Rg2 Rb4+ 43. Ka3 Rd4 44. Rg3 Ke5 45. Rf3 Rf4 46. d4+
Ke4 0-1

[Event "XVII Festival A"]
[Site "Robecchetto con Induno ITA"]
[Date "2006.12.27"]
[Round "1"]
[White "Morandi, Daniele"]
[Black "Caselli, Luigi"]
[Result "1/2-1/2"]
[WhiteElo "1874"]
[BlackElo "2266"]
[PlyCount "83"]
[EventDate "2006.12.27"]

1. e4 d5 2. exd5 Qxd5 3. Nc3 Qa5 4. d4 Nf6 5. Nf3 c6 6. Bc4 Bf5 7. O-O e6 8. a3
Nbd7 9. Bf4 Be7 10. Qe2 O-O 11. b4 Qd8 12. Rfe1 Nb6 13. Bb3 Nbd5 14. Nxd5 cxd5
15. c4 dxc4 16. Bxc4 Nd5 17. Bd2 Bf6 18. Ne5 Nb6 19. Be3 Nxc4 20. Qxc4 Rc8 21.
Qb5 Qd5 22. Qxd5 exd5 23. Rac1 Rxc1 24. Rxc1 Rc8 25. Rxc8+ Bxc8 26. Kf1 Kf8 27.
Ke2 Be7 28. Kd2 f6 29. Nd3 g5 30. h4 h6 31. hxg5 hxg5 32. f4 g4 33. Ke2 Bf5 34.
Bd2 Be4 35. g3 b6 36. a4 Bxd3+ 37. Kxd3 f5 38. Kc2 a6 39. Kb3 Bf6 40. Be3 Ke7
41. b5 axb5 42. axb5 1/2-1/2

[Event "XVII Festival A"]
[Site "Robecchetto con Induno ITA"]
[Date "2006.12.27"]
[Round "1"]
[White "Pace, Pietro Dario"]
[Black "Zuccaro, Guido"]
[Result "1-0"]
[WhiteElo "2233"]
[BlackElo "1873"]
[PlyCount "65"]
[EventDate "2006.12.27"]

1. e4 e6 2. d4 d5 3. Nc3 Bb4 4. e5 c5 5. a3 Bxc3+ 6. bxc3 Ne7 7. h4 Qc7 8. Bd2
Nbc6 9. Nf3 cxd4 10. cxd4 Bd7 11. Bd3 Nf5 12. c3 Na5 13. O-O Nc4 14. Bxf5 exf5
15. Bf4 Be6 16. a4 O-O 17. h5 h6 18. Re1 Rac8 19. Qc2 Kh7 20. g3 Qa5 21. Nh4
Nb6 22. Re3 Rc6 23. Rf3 Rfc8 24. Ra3 Nxa4 25. Qe2 b5 26. Bd2 g6 27. g4 fxg4 28.
hxg6+ Kg7 29. Rf6 Qb6 30. Bxh6+ Kg8 31. Qd2 fxg6 32. Rxg6+ Kf7 33. Qf4+ 1-0

[Event "XVII Festival A"]
[Site "Robecchetto con Induno ITA"]
[Date "2006.12.27"]
[Round "1"]
[White "Pepa, Syrja"]
[Black "Andreoli, Mark"]
[Result "1-0"]
[WhiteElo "1814"]
[BlackElo "2053"]
[PlyCount "101"]
[EventDate "2006.12.27"]

1. d4 c5 2. dxc5 e6 3. Nf3 Bxc5 4. e4 Nc6 5. Be2 Nf6 6. Nbd2 d5 7. exd5 exd5 8.
O-O O-O 9. Nb3 Be7 10. c3 h6 11. h3 Bf5 12. Nfd4 Bg6 13. Bd3 Bxd3 14. Qxd3 Bd6
15. Be3 Re8 16. Rad1 Ne5 17. Qc2 Rc8 18. Nf5 a6 19. Rfe1 Nc4 20. Bd4 Be5 21.
Bxe5 Nxe5 22. Nbd4 Qc7 23. Re3 Ne4 24. Rde1 b5 25. a3 Nc4 26. R3e2 Ncd6 27. f3
Nxf5 28. Nxf5 Nf6 29. Ne7+ Rxe7 30. Rxe7 Qc5+ 31. Qf2 Qd6 32. Qa7 Rf8 33. Qc7
Qxc7 34. Rxc7 d4 35. cxd4 Rd8 36. Ree7 Rxd4 37. Rxf7 Ne8 38. Ra7 Rd2 39. Rfe7
Rd8 40. Rxa6 Nd6 41. Raa7 Nf5 42. Red7 Rc8 43. Rac7 Re8 44. g4 Nh4 45. Rxg7+
Kh8 46. Kf2 b4 47. Kg3 bxa3 48. bxa3 h5 49. Rh7+ Kg8 50. Kxh4 hxg4 51. hxg4 1-0

[Event "XVII Festival A"]
[Site "Robecchetto con Induno ITA"]
[Date "2006.12.27"]
[Round "1"]
[White "Primerano, Carlo"]
[Black "Rezzonico, Paolo"]
[Result "0-1"]
[WhiteElo "1758"]
[BlackElo "2049"]
[PlyCount "34"]
[EventDate "2006.12.27"]

1. d4 d5 2. c4 dxc4 3. Nf3 a6 4. a4 Nc6 5. e3 Bg4 6. Bxc4 e6 7. O-O Nf6 8. Nbd2
Be7 9. b3 O-O 10. Ba3 Nb4 11. Bxb4 Bxb4 12. Qc2 Rc8 13. Ne5 Bf5 14. Qb2 c5 15.
Ndf3 Qa5 16. Rad1 cxd4 17. Nxd4 Qxe5 0-1

[Event "XVII Festival A"]
[Site "Robecchetto con Induno ITA"]
[Date "2006.12.27"]
[Round "1"]
[White "Romano, Zeno"]
[Black "Gagliardi, Christian"]
[Result "0-1"]
[WhiteElo "1850"]
[BlackElo "2119"]
[PlyCount "60"]
[EventDate "2006.12.27"]

1. e4 g6 2. d4 Bg7 3. Nc3 d6 4. Be3 a6 5. f4 b5 6. Bd3 Bb7 7. Nf3 Nd7 8. Qd2 c5
9. O-O cxd4 10. Nxd4 Ngf6 11. Rae1 Ng4 12. h3 Nxe3 13. Qxe3 Qb6 14. Nce2 e5 15.
fxe5 dxe5 16. Qf2 O-O 17. Nb3 Qxf2+ 18. Rxf2 Rac8 19. Nc3 Nb6 20. Nd2 Rfd8 21.
Ref1 Rc7 22. Nd1 Bh6 23. Nf3 Bf4 24. Re2 Nc4 25. Kf2 f6 26. g3 Bh6 27. Nh2 Bf8
28. Ng4 Kg7 29. Ke1 Bb4+ 30. Nc3 Nxb2 0-1

[Event "XVII Festival A"]
[Site "Robecchetto con Induno ITA"]
[Date "2006.12.27"]
[Round "1"]
[White "Volpi, Davide"]
[Black "Cervini, Gian Piero"]
[Result "1-0"]
[WhiteElo "2053"]
[BlackElo "1808"]
[PlyCount "51"]
[EventDate "2006.12.27"]

1. e4 d6 2. d4 Nf6 3. Nc3 g6 4. f3 c6 5. Be3 Qa5 6. Nge2 b5 7. Nc1 Ba6 8. Nb3
Qb6 9. Qd2 b4 10. Na4 Qb7 11. Bxa6 Nxa6 12. a3 Bg7 13. axb4 Qxb4 14. Nc3 Nc7
15. O-O O-O 16. Ra4 Qb6 17. Bh6 Bxh6 18. Qxh6 c5 19. e5 cxd4 20. exf6 dxc3+ 21.
Kh1 exf6 22. Rh4 Rfc8 23. bxc3 Rab8 24. Re1 d5 25. Qxh7+ Kf8 26. Qh8# 1-0

[Event "XVII Festival A"]
[Site "Robecchetto con Induno ITA"]
[Date "2006.12.27"]
[Round "2"]
[White "Angelini, Marco"]
[Black "Andreoli, Mark"]
[Result "1-0"]
[WhiteElo "1907"]
[BlackElo "2053"]
[PlyCount "47"]
[EventDate "2006.12.27"]

1. e4 c5 2. Nf3 d6 3. d4 cxd4 4. Nxd4 Nf6 5. Nc3 g6 6. f3 Bg7 7. Be3 O-O 8. Qd2
Nc6 9. O-O-O d5 10. Nxc6 bxc6 11. Bh6 Bxh6 12. Qxh6 Qa5 13. e5 Ne8 14. h4 Ng7
15. h5 Nf5 16. Qf4 Qb6 17. Re1 Rb8 18. Nd1 Qa5 19. Bd3 Qxa2 20. hxg6 fxg6 21.
Qh2 Rf7 22. e6 Rg7 23. Qxb8 Qa5 24. Qxc8+ 1-0

[Event "XVII Festival A"]
[Site "Robecchetto con Induno ITA"]
[Date "2006.12.27"]
[Round "2"]
[White "Brighenti, Alessandro"]
[Black "Brioschi, Camillo"]
[Result "0-1"]
[WhiteElo "1588"]
[BlackElo "1862"]
[PlyCount "30"]
[EventDate "2006.12.27"]

1. e4 e5 2. f4 exf4 3. Nf3 d6 4. d4 g5 5. h4 g4 6. Ng1 Bh6 7. Ne2 Qf6 8. Nec3
Ne7 9. g3 fxg3 10. Na3 Bd7 11. Bc4 Nbc6 12. e5 dxe5 13. Ne4 Qg7 14. Rf1 f5 15.
d5 Na5 0-1

[Event "XVII Festival A"]
[Site "Robecchetto con Induno ITA"]
[Date "2006.12.27"]
[Round "2"]
[White "Brugo, Marco"]
[Black "Dragojlovic, Andjelko"]
[Result "1/2-1/2"]
[WhiteElo "2091"]
[BlackElo "2383"]
[PlyCount "67"]
[EventDate "2006.12.27"]

1. d4 g6 2. c4 Nf6 3. Nc3 d5 4. cxd5 Nxd5 5. e4 Nxc3 6. bxc3 Bg7 7. Bc4 c5 8.
Be3 O-O 9. Ne2 Nc6 10. O-O Qc7 11. Rc1 Rd8 12. Bf4 Qd7 13. dxc5 Ne5 14. Bxe5
Bxe5 15. Qb3 e6 16. f4 Bc7 17. Nd4 Qe7 18. f5 gxf5 19. exf5 e5 20. Nb5 Bb8 21.
Nd6 Bxd6 22. cxd6 Rxd6 23. f6 Qc7 24. Rcd1 Rxd1 25. Rxd1 Bf5 26. Bd5 Rb8 27. c4
Bg6 28. Qe3 b6 29. Kh1 Kh8 30. Re1 Re8 31. Qh6 Rg8 32. Qe3 Re8 33. Qh6 Rg8 34.
Qe3 1/2-1/2

[Event "XVII Festival A"]
[Site "Robecchetto con Induno ITA"]
[Date "2006.12.27"]
[Round "2"]
[White "Cantu', Guido"]
[Black "Marinone, Lucio"]
[Result "0-1"]
[WhiteElo "1819"]
[BlackElo "1980"]
[PlyCount "46"]
[EventDate "2006.12.27"]

1. e4 d6 2. d4 Nf6 3. Nc3 c6 4. Be3 Nbd7 5. Nf3 e5 6. Qd2 Be7 7. O-O-O O-O 8.
h3 b5 9. Bd3 a6 10. g4 Qc7 11. g5 Nh5 12. Ne2 c5 13. dxc5 dxc5 14. Ng3 Nxg3 15.
fxg3 Rd8 16. Qf2 Bb7 17. Rhf1 c4 18. Be2 Nc5 19. Rxd8+ Rxd8 20. Nxe5 Qxe5 21.
Qxf7+ Kh8 22. Rf5 Qxe4 23. Bxc5 Qxe2 0-1

[Event "XVII Festival A"]
[Site "Robecchetto con Induno ITA"]
[Date "2006.12.27"]
[Round "2"]
[White "Caselli, Luigi"]
[Black "Corti, Corrado"]
[Result "1/2-1/2"]
[WhiteElo "2266"]
[BlackElo "2048"]
[PlyCount "49"]
[EventDate "2006.12.27"]

1. d4 d5 2. c4 e6 3. cxd5 exd5 4. Nc3 c6 5. Bf4 Nf6 6. e3 Bf5 7. Bd3 Bxd3 8.
Qxd3 Be7 9. Nge2 Nbd7 10. O-O O-O 11. f3 Nh5 12. e4 Nxf4 13. Nxf4 dxe4 14. fxe4
Qb6 15. Rf2 Rad8 16. Qc4 Nf6 17. Nfe2 Ng4 18. Rf4 Ne5 19. Qb3 Ng6 20. Qxb6 axb6
21. Rf3 Rd7 22. g3 Re8 23. Kg2 Nf8 24. d5 Bf6 25. Rd1 1/2-1/2

[Event "XVII Festival A"]
[Site "Robecchetto con Induno ITA"]
[Date "2006.12.27"]
[Round "2"]
[White "Cervini, Gian Piero"]
[Black "Cardani, Roberto"]
[Result "0-1"]
[WhiteElo "1808"]
[BlackElo "1903"]
[PlyCount "70"]
[EventDate "2006.12.27"]

1. e4 c5 2. c3 Nf6 3. e5 Nd5 4. d4 cxd4 5. Bc4 Qc7 6. Qe2 Nb6 7. Bd3 Nc6 8. Nf3
d5 9. exd6 Qxd6 10. Nxd4 Nxd4 11. cxd4 Bd7 12. Nc3 a6 13. Be3 g6 14. O-O Bg7
15. Rad1 O-O 16. Ne4 Qc7 17. Rc1 Bc6 18. b4 Nd5 19. b5 axb5 20. Bxb5 Qa5 21.
Bxc6 bxc6 22. Rxc6 Qxa2 23. Qxa2 Rxa2 24. Rfc1 Nxe3 25. fxe3 Re2 26. Rc8 Bxd4
27. exd4 Rxe4 28. d5 Rxc8 29. Rxc8+ Kg7 30. Kf2 Rd4 31. Rc5 Rd2+ 32. Kf3 Kf6
33. g4 Rxh2 34. g5+ Kxg5 35. d6+ Kf6 0-1

[Event "XVII Festival A"]
[Site "Robecchetto con Induno ITA"]
[Date "2006.12.27"]
[Round "2"]
[White "Colombo, Sandro"]
[Black "Agrifoglio, Fabio"]
[Result "0-1"]
[WhiteElo "1854"]
[BlackElo "2024"]
[PlyCount "90"]
[EventDate "2006.12.27"]

1. c4 g6 2. Nc3 Bg7 3. d4 Nf6 4. e4 d6 5. Be2 O-O 6. Bg5 Nbd7 7. Qd2 e5 8. Nf3
exd4 9. Nxd4 Nc5 10. f3 h6 11. Be3 Kh7 12. g4 Bxg4 13. fxg4 Nfxe4 14. Nxe4 Nxe4
15. Qd3 Qh4+ 16. Kd1 Rae8 17. Nf3 Nf2+ 18. Bxf2 Qxf2 19. Rf1 Qb6 20. Qc2 Re7
21. h4 Rfe8 22. Bd3 Re3 23. Re1 Rxf3 24. Rxe8 Qd4 25. Kd2 Rf2+ 26. Re2 Qf4+ 27.
Kd1 Qxg4 28. Ke1 Qg1+ 29. Kd2 Rxe2+ 30. Kxe2 Qxa1 31. h5 Qxb2 32. hxg6+ fxg6
33. Bxg6+ Kg8 34. Qxb2 Bxb2 35. Ke3 Kg7 36. Be4 c6 37. a4 Kf6 38. Kf4 Bc1+ 39.
Kg4 Ke5 40. Bg6 d5 41. cxd5 Kxd5 42. Kf5 b5 43. axb5 cxb5 44. Bf7+ Kd4 45. Ke6
Kc3 0-1

[Event "XVII Festival A"]
[Site "Robecchetto con Induno ITA"]
[Date "2006.12.27"]
[Round "2"]
[White "Crepaldi, Marco"]
[Black "Mazzon, Roberto"]
[Result "1/2-1/2"]
[WhiteElo "1898"]
[BlackElo "1843"]
[PlyCount "50"]
[EventDate "2006.12.27"]

1. e4 c5 2. Nf3 Nc6 3. d4 cxd4 4. Nxd4 g6 5. f3 Bg7 6. Be3 Nf6 7. Nc3 O-O 8.
Qd2 d5 9. exd5 Nxd5 10. Nxc6 bxc6 11. Bd4 Nxc3 12. Bxg7 Qxd2+ 13. Kxd2 Ne4+ 14.
fxe4 Kxg7 15. Re1 Be6 16. a3 Rab8 17. b4 Rfd8+ 18. Kc1 Rd4 19. c3 Rd7 20. Rd1
Rxd1+ 21. Kxd1 Bb3+ 22. Kc1 Kf6 23. Be2 e5 24. Bd1 Bc4 25. Bc2 Rd8 1/2-1/2

[Event "XVII Festival A"]
[Site "Robecchetto con Induno ITA"]
[Date "2006.12.27"]
[Round "2"]
[White "Di Chiara, Mauro"]
[Black "Volpi, Davide"]
[Result "1-0"]
[WhiteElo "1668"]
[BlackElo "2053"]
[PlyCount "130"]
[EventDate "2006.12.27"]

1. d4 Nf6 2. Nf3 g6 3. Nbd2 Bg7 4. e4 d6 5. Bd3 O-O 6. O-O c5 7. c3 Nc6 8. Re1
cxd4 9. Nxd4 e5 10. N4f3 Qc7 11. a4 Nh5 12. g3 Bg4 13. Bf1 Qd7 14. Bg2 Kh8 15.
Nc4 Rad8 16. Ne3 Be6 17. Ng5 f5 18. Nxe6 Qxe6 19. exf5 Qf7 20. Bd5 Qe8 21. fxg6
Qxg6 22. Qg4 Nf6 23. Qxg6 hxg6 24. Rd1 Ne7 25. a5 Nexd5 26. Nxd5 Kg8 27. Be3 a6
28. Ra4 Kf7 29. Rc4 Nxd5 30. Rxd5 Ke6 31. Rd1 Rd7 32. Bb6 d5 33. Rc7 Rxc7 34.
Bxc7 d4 35. cxd4 exd4 36. Bb6 Kd5 37. Kf1 Re8 38. b4 Kc4 39. Re1 Rxe1+ 40. Kxe1
Kd3 41. Kd1 Bf8 42. f4 Bxb4 43. g4 Ke4 44. Bc7 d3 45. h4 Bxa5 46. Bxa5 Kxf4 47.
g5 Kg4 48. Be1 a5 49. Bxa5 Kxh4 50. Bd8 Kg4 51. Kd2 Kf5 52. Kxd3 Ke5 53. Kc4
Kd6 54. Kd4 Kd7 55. Bb6 Kd6 56. Ke4 Kc6 57. Bd4 Kd6 58. Be3 Ke6 59. Kd4 Kd6 60.
Bf4+ Kd7 61. Kc5 Kd8 62. Kd6 Ke8 63. Ke6 b5 64. Kf6 Kf8 65. Kxg6 Kg8 1-0

[Event "XVII Festival A"]
[Site "Robecchetto con Induno ITA"]
[Date "2006.12.27"]
[Round "2"]
[White "Gagliardi, Christian"]
[Black "Pace, Pietro Dario"]
[Result "1-0"]
[WhiteElo "2119"]
[BlackElo "2233"]
[PlyCount "63"]
[EventDate "2006.12.27"]

1. Nf3 Nf6 2. g3 g6 3. Bg2 Bg7 4. O-O O-O 5. d3 d5 6. Nbd2 c5 7. e4 d4 8. a4
Nc6 9. Nc4 Re8 10. e5 Nd5 11. Re1 Nc7 12. a5 h6 13. Nfd2 Bd7 14. a6 b6 15. e6
Nxe6 16. Rxe6 fxe6 17. Be4 Rc8 18. Bxg6 Rf8 19. Ne4 b5 20. Qh5 Rf5 21. Bxf5
exf5 22. Nxc5 bxc4 23. Bxh6 Ne5 24. Nxd7 Qxd7 25. Bxg7 Kxg7 26. Ra5 Kf6 27.
Qh4+ Ke6 28. Qh6+ Kf7 29. Rxe5 cxd3 30. cxd3 e6 31. Qh7+ Ke8 32. Qxf5 1-0

[Event "XVII Festival A"]
[Site "Robecchetto con Induno ITA"]
[Date "2006.12.27"]
[Round "2"]
[White "Laketic, Gojko"]
[Black "Damia, Angelo"]
[Result "1-0"]
[WhiteElo "2441"]
[BlackElo "2099"]
[PlyCount "65"]
[EventDate "2006.12.27"]

1. d4 Nf6 2. Nf3 e6 3. c4 c5 4. d5 exd5 5. cxd5 d6 6. g3 g6 7. Bg2 Bg7 8. O-O
O-O 9. Nc3 Na6 10. Nd2 Nc7 11. Nc4 b5 12. Nxd6 Qxd6 13. Bf4 Qb6 14. d6 Ne6 15.
Bxa8 Nxf4 16. gxf4 Bh3 17. Bg2 Bxg2 18. Kxg2 Rd8 19. Qb3 b4 20. Na4 Qxd6 21.
Rad1 Qc6+ 22. Qf3 Nd5 23. e4 Qxa4 24. Rxd5 Re8 25. e5 Qxa2 26. Rfd1 h5 27. Rxc5
Qxb2 28. Rd7 Qa2 29. h3 a5 30. Qb7 Bh6 31. e6 Rxe6 32. Rc8+ Bf8 33. Rxf8+ 1-0

[Event "XVII Festival A"]
[Site "Robecchetto con Induno ITA"]
[Date "2006.12.27"]
[Round "2"]
[White "Pepa, Syrja"]
[Black "Barlocco, Carlo"]
[Result "0-1"]
[WhiteElo "1814"]
[BlackElo "2198"]
[PlyCount "112"]
[EventDate "2006.12.27"]

1. d4 d5 2. c4 Nc6 3. cxd5 Qxd5 4. e3 e5 5. Nc3 Bb4 6. Bd2 Bxc3 7. bxc3 Nf6 8.
Qb3 O-O 9. Qxd5 Nxd5 10. e4 Nf6 11. d5 Nb8 12. f3 Nbd7 13. Rb1 b6 14. Be3 a5
15. a4 Ne8 16. Bb5 Nd6 17. Bc6 Rb8 18. Ne2 Nb7 19. Ng3 Ndc5 20. O-O Bd7 21. Nf5
Rfe8 22. Rfd1 Rbd8 23. Bxd7 Rxd7 24. Ra1 g6 25. Nh6+ Kg7 26. Ng4 f6 27. Nf2 f5
28. c4 fxe4 29. fxe4 Rf7 30. Ra2 Na6 31. Nd3 Nd6 32. c5 Nxe4 33. cxb6 Nc3 34.
Rad2 Nxd1 35. Rxd1 Rd7 36. Nc5 Nxc5 37. Bxc5 cxb6 38. Bxb6 Rc8 39. d6 Rc6 40.
Bxa5 Rcxd6 41. Re1 Rd1 42. Kf2 Rxe1 43. Bxe1 Rd3 44. a5 Kf6 45. Bb4 Rb3 46. Bc5
Rb2+ 47. Kf3 Ra2 48. Bb6 Kf5 49. g4+ Ke6 50. h4 Kd5 51. g5 Ra3+ 52. Kg4 Ke6 53.
Bc7 Ra4+ 54. Kg3 Kf5 55. Kf3 Rxh4 56. a6 Ra4 0-1

[Event "XVII Festival A"]
[Site "Robecchetto con Induno ITA"]
[Date "2006.12.27"]
[Round "2"]
[White "Ranieri, Fabrizio"]
[Black "Caldi, Mario"]
[Result "1-0"]
[WhiteElo "2229"]
[BlackElo "1999"]
[PlyCount "55"]
[EventDate "2006.12.27"]

1. e4 e6 2. d4 d5 3. Nc3 Nf6 4. Bg5 Bb4 5. e5 h6 6. Bd2 Bxc3 7. bxc3 Ne4 8. Qg4
Kf8 9. Bd3 h5 10. Qe2 Nxd2 11. Qxd2 c5 12. f4 Nc6 13. Nf3 Qb6 14. Be2 Bd7 15.
O-O cxd4 16. cxd4 Rc8 17. Rab1 Qc7 18. Bd3 b6 19. Ba6 Rb8 20. c4 dxc4 21. Bxc4
Na5 22. Rbc1 Qb7 23. Ng5 Kg8 24. Bd3 g6 25. Be4 Qa6 26. Rc7 Rd8 27. Qb4 Qb5 28.
Qe7 1-0